• 首页
  • 本馆介绍
  • 公告通知
  • 最新文献
  • 馆藏检索
  • 电子资源
  • 读者导购
  • 参考咨询
  • 我的图书馆
  • 登录
  • 详细信息显示
  • 放入我的书架
  • 预约/预借图书
  • 作者相关作品
  • 分类相关作品
  • 丛书相关作品
  • 出版社相关作品

书目信息

  • 表格格式
  • 工作单格式
  • 卡片格式
题名:
经脉腧穴学
    
 
作者: 康锁彬 主编
分册:  
出版信息: 石家庄   河北科学技术出版社  2010.11
页数: 34,307页
开本: 26cm
丛书名: 中医针灸通释
单 册:
中图分类: R224
科图分类: 62.18
主题词: CT--S905013--腧穴学 , CT--S905012--经络学
电子资源:
ISBN: 978-7-5375-1393-7
000 00721oam2 22002651 450
001 0197103459
005 20110401143741.62
010    @a978-7-5375-1393-7@dCNY45.00
100    @a19960827d2010 em y0chiy0110 ea
101 0  @achi
102    @aCN@b130000
105    @af z 000yy
200 1  @a经脉腧穴学@9jing mai shu xue xue@f康锁彬主编
210    @a石家庄@c河北科学技术出版社@d2010.11
215    @a34,307页@d26cm
225 2  @a中医针灸通释
461  0 @12001 @a中医针灸通释
606 0  @2CT@3S905013@a腧穴学
606 0  @2CT@3S905012@a经络学
690    @aR224@v5
692    @a62.18
701  0 @a康锁彬@9kang suo bin@4主编
801  0 @aCN@b91MARC@c20110401
905    @aBZT@dR224@e3
906    @dCNY[不详]@n0@r1
    
    经脉腧穴学/康锁彬主编.-石家庄:河北科学技术出版社,2010.11
    34,307页;26cm.-(中医针灸通释)
    
    
    ISBN 978-7-5375-1393-7:CNY45.00
    
●
相关链接 在五车中查询图书 在当当中查询图书 在豆瓣中查询图书


正题名:经脉腧穴学     索取号:R224/3         预约/预借

序号 登录号 条形码 馆藏地/架位号 状态 备注
1 754625   2000754625   样本书库/样007架B面1层3列/ [索取号:R224/3] 在馆    
2 754626   2000754626   中心书库中库/ 中库002架B面7列5层1/ [索取号:R224/3] 在馆    
3 754627   2000754627   中心书库中库/ 中库002架B面7列5层4/ [索取号:R224/3] 在馆    
4 754628   2000754628   中心书库中库/ 中库002架B面7列5层3/ [索取号:R224/3] 在馆    
5 754629   2000754629   中心书库中库/ 中库002架B面7列5层2/ [索取号:R224/3] 在馆    
6 754630   2000754630   中心书库中库/ 中库004架A面7列5层1/ [索取号:R224/3] 在馆    
山东省滨州职业学院图书馆 欢迎您!
大连网信软件有限公司© 版权所有